000 00375ntaaa2200157 4500
003 01
005 20251027201946.0
008 0714s1973 ag 01
040 _aAR-BaBN
_bspa
_cAR-BaBN
_eaacr
_dRIC
082 _a248.0000 M612
100 _aMeyer, F. B.
_9969
245 _aSaved and kept
250 _a1 ed. :
_bF. H. Revell Company,
_cc/897
300 _a154 p.
942 _cBK
999 _c14335
_d14335